<?xml version="1.0" encoding="UTF-8"?>
<collection xmlns="http://www.loc.gov/MARC21/slim">
  <record>
    <leader>00000nam  2200000   4500</leader>
    <controlfield tag="001">INLIS000000000018636</controlfield>
    <controlfield tag="005">20241202020900</controlfield>
    <datafield tag="035" ind1="#" ind2="#">
      <subfield code="a">0010-1224000007</subfield>
    </datafield>
    <controlfield tag="007">ta</controlfield>
    <controlfield tag="008">241202###########################0######</controlfield>
    <datafield tag="245" ind1="#" ind2="#">
      <subfield code="a">SPIRIT MATH :</subfield>
      <subfield code="b">Strategi Peningkatan Minat Dan Inspirasi Tuntas Kuliah Pendidikan Matematika /</subfield>
      <subfield code="c">Maryo Sopater Istia, S.Pd., M.Pd</subfield>
    </datafield>
    <datafield tag="260" ind1="#" ind2="#">
      <subfield code="a">Makassar :</subfield>
      <subfield code="b">Puslatbang KMP RI LAN Makassar,</subfield>
      <subfield code="c">2024</subfield>
    </datafield>
    <datafield tag="300" ind1="#" ind2="#">
      <subfield code="a">30 ;</subfield>
      <subfield code="c">30</subfield>
    </datafield>
    <datafield tag="650" ind1="#" ind2="4">
      <subfield code="a">Strategi Peningkatan Minat Dan Inspirasi Tuntas Kuliah Pendidikan Matematika</subfield>
    </datafield>
    <datafield tag="700" ind1=" " ind2="#">
      <subfield code="a">Dr. Andi Fajeriani Wyrasti, S.Pd., M.Si (Mentor)</subfield>
    </datafield>
    <datafield tag="700" ind1=" " ind2="#">
      <subfield code="a">Muskamal, S.Sos., M.Si (Coach)</subfield>
    </datafield>
    <datafield tag="520" ind1="#" ind2="#">
      <subfield code="a">Laporan ini bertujuan untuk merancang dan mengimplementasikan strategi peningkatan minat dan motivasi mahasiswa Jurusan Pendidikan Matematika di Universitas Papua. Berdasarkan observasi, rendahnya motivasi mahasiswa dalam menyelesaikan studi menjadi isu yang signifikan, mengakibatkan tingginya angka mahasiswa yang menunda kelulusan, pindah jurusan, atau tidak menyelesaikan perkuliahan tepat waktu.&#13;
&#13;
Untuk mengatasi masalah tersebut, program "SPIRIT MATH" dirancang dengan lima kegiatan utama: 1) Pemetaan Minat dan Bakat Mahasiswa, yang melibatkan pelaksanaan tes minat dan bakat untuk mengidentifikasi potensi mahasiswa; 2) Sosialisasi dan Konseling Karir, untuk memberikan panduan karir dan motivasi yang tepat sasaran bagi mahasiswa; 3) Pembentukan Komunitas Minat dan Bakat, guna mendukung pengembangan potensi melalui komunitas belajar yang kreatif dan kolaboratif; 4) Diskusi Panel dengan Alumni Sukses, untuk memberikan inspirasi dan contoh konkret dari alumni yang sukses di bidangnya: dan 5) Pembelajaran Matematika Berbasis Android, yang memanfaatkan teknologi dalam pembelajaran untuk meningkatkan interaktivitas dan keterlibatan mahasiswa.&#13;
&#13;
Program ini dirancang untuk meningkatkan motivasi, minat, dan kreativitas mahasiswa serta membantu mereka lebih berkomitmen dalam menyelesaikan studi di bidang Pendidikan Matematika. Pelaksanaan program ini diharapkan tidak hanya meningkatkan kualitas pendidikan di jurusan tersebut, tetapi juga menciptakan lingkungan belajar yang lebih inovatif, interaktif, dan mendukung perkembangan karir mahasiswa&#13;
&#13;
Kata Kunci: Minat dan Bakat, Motivasi, Pendidikan Matematika, Pembelajaran Berbasis Android, Konseling Karir, Komunitas Minat, Alumni.</subfield>
    </datafield>
    <datafield tag="856" ind1="#" ind2="#">
      <subfield code="a">PUSLATBANG KMP LAN RI Makassar</subfield>
    </datafield>
  </record>
</collection>
